| 000 | 00779 a2200193 4500 | ||
|---|---|---|---|
| 999 |
_c2351 _d2351 |
||
| 020 | _a9780748795949 | ||
| 050 | 0 | 0 | _aLB 1025.3 PET 2006 |
| 100 | 1 |
_aPetty, Geoffrey _eAuthor |
|
| 245 | 1 | 0 |
_aEvidence based teaching : _ba practical approach / _cGeoffrey Petty |
| 264 |
_aUnited Kingdom: _bNelson Thornes Ltd, _c2006 |
||
| 300 |
_ax, 382 p. : _bill. |
||
| 500 | _aIncludes bibliographical references (p. 369-375) and index. | ||
| 504 | _aIncludes bibliographical references (p. 369-375) and index. | ||
| 650 | 0 | _aEffective teaching | |
| 650 | 0 | _aTeacher effectiveness | |
| 856 | 4 | 1 |
_3Table of contents only _uhttp://www.loc.gov/catdir/toc/fy0707/2006285056.html |
| 942 |
_2lcc _cBK _h1025.3 _iPET _kLB |
||